Normal view
MARC view
Entry Topical Term
001 - CONTROL NUMBER
- control field: 3807
003 - CONTROL NUMBER IDENTIFIER
- control field: OSt
005 - DATE AND TIME OF LATEST TRANSACTION
- control field: 20110510123724.0
008 - FIXED-LENGTH DATA ELEMENTS
- fixed length control field: 110510|||a|||||| | ||| d
040 ## - CATALOGING SOURCE
- Original cataloging agency: OSt
- Transcribing agency: OSt
150 ## - HEADING--TOPICAL TERM
- Topical term or geographic name as entry element: Common law.
670 ## - SOURCE DATA FOUND
- Source citation: Work cat.: (OSt)1717: The Law reports Common Pleas 1865 - 66 Vol.1 /, 1974
